00625nam a2200157 a 450000100100000000500170001000800410002704000250006808200150009311101140010824500880022226000610031030000300037150000380040170000280043900001710020200929165025.0100317s1972 dr c 000 0 spa d aDO-SdBNPbspacBNPHU axxxbB131c2 aConferencia un bacteriólogo catalán precursor de la terapia antibióticad(1972 jul. 2 :cSanto Domingo)13aUn bacteriólogo catalán precursor de la terapia antibiótica /cFabio A. Mota. aSanto Domingo :bAcademia Dominicana de Medicina,c1972. a51 p. :bretrs. ;c23 cm. aIncluye notas al pie de páginas1 aMota, Fabio A.epról.